| 000 | 01064nam a22002657a 4500 | ||
|---|---|---|---|
| 003 | PE SENCICO BE | ||
| 005 | 20251020182621.0 | ||
| 008 | 221207b |||||||| |||| 00| 0 eng d | ||
| 020 | _a978-612-304-308-7 | ||
| 040 |
_aPE SENCICO BE _cPE SENCICO BE |
||
| 041 | _aspa | ||
| 082 |
_a658.404 _bR31 |
||
| 100 | 1 |
_9205 _aReátegui Villanueva, Javier |
|
| 245 | 1 |
_aProgramación de proyectos con incertidumbres : _bel margen de duración: cálculo y análisis / _cJavier Reátegui Villanueva |
|
| 250 | _a1a ed. | ||
| 260 |
_aLima: _bMacro, _c2015 |
||
| 300 |
_a[15], 267, [2] p., [10] h. pleg. : _b il. col., diagrs. ; _c25 cm. |
||
| 490 | _aIngeniería | ||
| 500 | _a"Estructura y control del margen de duración - Algoritmo de Montecarlo - Hitos de decisión - Grupos y estructuras estocásticas - Variabilidad y probabilidad"--Cubierta. | ||
| 504 | _aBibliografía: p. [269]. | ||
| 650 | 1 | 0 |
_aAdministración de proyectos _9149 |
| 650 | 2 | 0 |
_aEvaluación de proyectos _914 |
| 910 |
_bhfp _chfp |
||
| 942 |
_2ddc _cLIB _h658.404 _iR31 |
||
| 999 |
_c3669 _d3669 |
||